| 000 | 00913cam a2200301 4500 | ||
|---|---|---|---|
| 001 | ABS62981 | ||
| 008 | 000000n2000 000 0 eng u | ||
| 035 | _a(Sirsi) u109152 | ||
| 245 | _aFocus 2000: City, Fringes & Docklands | ||
| 260 | _c2000 | ||
| 490 |
_aEstates Gazette _v(0043) 28 October 2000, 111-139(18) |
||
| 590 | _aABS | ||
| 650 | _aCITY OF LONDON | ||
| 650 | _aDOCKLANDS | ||
| 650 | _aREGENERATION | ||
| 650 | _aURBAN REDEVELOPMENT | ||
| 650 | _aGLOBAL MARKET | ||
| 650 | _aPROPERTY-COMMERCIAL PROPERTY-OFFICE PROPERTY-OFFICE PROPERTY MARKET | ||
| 650 | _aSECONDHAND SPACE | ||
| 650 | _aINVESTMENT MARKET | ||
| 650 | _aPROPERTY-COMMERCIAL PROPERTY-RETAIL PROPERTY-RETAIL PROPERTY MARKET | ||
| 650 | _aBANKS | ||
| 650 | _aLAW FIRMS | ||
| 650 | _aSKYSCRAPERS | ||
| 650 | _aIT BUSINESS MARKET | ||
| 690 | _aPROPERTY-COMMERCIAL PROPERTY-COMMERCIAL PROPERTY MARKET | ||
| 942 | _n0 | ||
| 999 |
_c65171 _d65171 |
||